| 000 | 012440000a22002530004500 | ||
|---|---|---|---|
| 020 | _a978-968-16-0300-7 | ||
| 041 | 0 | _aSPA | |
| 082 | 0 | 4 | _aG 128.3 C3454a |
| 100 | 1 | _aCassirer, Ernst | |
| 245 | 1 | 0 | _aAntropología filosófica : introducción a una filosofía de la cultura / Ernst Cassirer ; Traducido por Eugenio Ímaz |
| 250 | _aSegunda edición | ||
| 260 | _aMéxico : Fondo de Cultura Económica | ||
| 300 | _a335 páginas | ||
| 440 | 0 | _aColección Popular ; número 41 | |
| 500 | _aTítulo original en inglés: Essay of Man | ||
| 501 | _arústico | ||
| 505 | 0 | 0 | _aPrefacio -- ¿Qué es el hombre?: la crisis en el conocimiento del hombre -- Una clave de la naturaleza del hombre -- De las reacciones animales a las respuestas humanas -- El mundo humano del espacio y del tiempo -- Hechos e ideales -- El hombre y la cultura -- Definición del hombre en términos de la cultura -- Mito y religión -- El arte -- La historia -- La ciencia -- Resumen y conclusión |
| 650 | 1 | 4 | _aANTROPOLOGIA FILOSOFICA \ SIMBOLISMO \ CIVILIZACION - FILOSOFIA \ TEORIA DEL CONOCIMIENTO \ HOMBRE |
| 001 | 18476 | ||
| 942 | _cBK | ||
| 999 |
_c44905 _d44905 |
||
| 336 |
_atexto _btxt _2rdacontent |
||
| 337 |
_2rdamedia _asin mediación _bn |
||
| 338 |
_2rdacarrier _avolumen _bnc |
||